000 00719nam a22002177a 4500
999 _c2884
_d2884
003 AR-CdUCM
008 190305b ||||| |||| 00| 0 spa d
040 _aMUNICIPALIDAD PROVINCIAL DEL CUSCO
_cBIBLIOTECA MUNICIPAL DEL CUSCO
082 _a891.03 /
_bP75
100 _aPolevoi, Boris
_99952
245 _aCuentos Soviéticos /
260 _aLima :
_bEdiciones del Centro de Estudiantes de Medicina de la Universidad Nacional Mayor de San Marcos ;
_c1964.
300 _a126 páginas ;
_c17cm
505 _aCuentos
650 _aCuentos
_9312
650 _aLiteratura soviética
_91550
700 _aZhuravliova, Valentina
_99953
700 _aStrugatski, A. y B.
_99954
942 _2ddc
_cLIBROS
945 _anom